000 00704cab a22001935a 4500
001 L137522
008 070413e2007 xxk 000 0 eng d
035 _a(Sirsi) u137522
041 0 _aeng
100 1 _aLawson, David
245 0 0 _aFit-out and interiors
_bits what's inside that costs
260 _c2007
490 0 _aProperty Week
_v72(14) 5 April 2007, 89(1)
520 _aDiscusses the general conditions of the interiors of office buildings after construction. Graphs show fit-out contractors' market share in central London and interior architects' market share in central London.
590 _aKA
651 4 _aUnited Kingdom
_y
690 _aBUILT ENVIRONMENT-BUILDING COSTS
942 _n0
999 _c78648
_d78648